Київські фрески (Запис № 17285)

000 -Маркер запису
Контрольне поле сталої довжини 01542nam a22002537a 4500
003 - Належність контрольного номера
Контрольне поле Uzh_bibl
008 - Кодовані дані
Контрольне поле сталої довжини 260408b |||||||| |||| 00| 0 ukr d
020 ## - Індекс ISBN
Ціна 1.50
040 ## - Джерело каталогіз.
Служба первин.кат. укр.
041 ## - Код мови видання
Код мови оригіналу українська
Код мови тексту українська
080 ## - Індекс УДК
Індекс УДК 821(477)
090 ## - Шифри
Поличний індекс 821(477)
Авторський знак П 37
100 ## - Автор
Автор Плачинда, Сергій
245 ## - Назва
Назва Київські фрески
Фізичний носій Текст
260 ## - Вихідні дані
Місце видання Київ
Видавництво Молодь
Дата видання 1982
300 ## - Фізичний опис
Обсяг 312 с.
Ілл./тип відтвор. іл.
Тип одиниці В опр.
520 ## - Анотація
Анотація В історичних сюжетах автор, не претендуючи на наукове до слідження, белетристично відтворює ті давні часи, коли творилася колиска слав'янських народів - Київська Русь.<br/>Зі сторінок творів постають мужні образи Кия, Щека, Хорива, хоробрих воїнів-русичів, чарівної Либеді.
521 ## - Примітка про цільове призначення
Примітка про цільове призначення Для широкого кола читачів
546 ## - Примітка про мову
Примітка про мову укр.
650 ## - Тематичні рубрики
Основна рубрика Літературно-художнє видання
Хронологічна підрубрика Охоплюють різні історичні епохи — від часів Київської Русі до ХХ століття
Географічна підрубрика Події розгортаються в Києві
653 ## - Ключові слова
Ключові слова Київ
-- Історія
-- Культура
-- Духовність
-- Пам’ять
655 ## - Термін індексування — жанр/форма
Жанр/форма Історичні повісті, оповідання
Типове ділення Повісті, оповідання
942 ## - ADDED ENTRY ELEMENTS (KOHA)
Джерело класифікації чи схема поличного розташування
Koha item type Книги
Фонди
Статус вилучення Статус втрати/відсутності Джерело класифікації чи схема поличного розташування Статус пошкодження Тип обігу (не для випозичання) Постійне розташування Поточне розташування Розташування у відділі Дата надходження Інвентарний номер Total Checkouts Повний (примірниковий) шифр зберігання Штрих-код Date last seen Дата, для якої чинна ціна заміни Тип одиниці (рівень примірника)
          Публічна бібліотека Публічна бібліотека Абонемент 08/04/2026 13207   821(477) 20135 08/04/2026 08/04/2026 Книги

Працює на АБІС Коха